Leadership (Record no. 241011)
[ view plain ]
| 000 -LEADER | |
|---|---|
| fixed length control field | 01501nam a22002537a 4500 |
| 005 - DATE AND TIME OF LATEST TRANSACTION | |
| control field | 20260309102522.0 |
| 008 - FIXED-LENGTH DATA ELEMENTS--GENERAL INFORMATION | |
| fixed length control field | 260307b |||||||| |||| 00| 0 eng d |
| 020 ## - INTERNATIONAL STANDARD BOOK NUMBER | |
| International Standard Book Number | 9781544397566 |
| 040 ## - CATALOGING SOURCE | |
| Transcribing agency | AL |
| 041 ## - LANGUAGE CODE | |
| Language code of text/sound track or separate title | eng |
| 082 ## - DEWEY DECIMAL CLASSIFICATION NUMBER | |
| Classification number | 303.6 |
| Item number | NORL |
| 100 ## - MAIN ENTRY--PERSONAL NAME | |
| Personal name | Peter G Northhouse |
| 100 ## - MAIN ENTRY--PERSONAL NAME | |
| 9 (RLIN) | 258263 |
| 245 ## - TITLE STATEMENT | |
| Title | Leadership |
| Remainder of title | : theory and practice Ed 9 |
| 250 ## - EDITION STATEMENT | |
| Edition statement | 9 |
| 260 ## - PUBLICATION, DISTRIBUTION, ETC. | |
| Place of publication, distribution, etc. | Los Angeles |
| Name of publisher, distributor, etc. | Sage |
| Date of publication, distribution, etc. | 2022 |
| 300 ## - PHYSICAL DESCRIPTION | |
| Extent | xxiv,568p |
| Other physical details | PB |
| Dimensions | 22x15cm |
| 365 ## - TRADE PRICE | |
| Source of price type code | General |
| Price type code | ABDI/0854/26 |
| Price amount | $117 ₹10687.95 |
| Currency code | ₹ |
| Unit of pricing | $156.00 ₹14250.60 |
| Price note | 25% |
| Price effective from | 19-02-2026 |
| 520 ## - SUMMARY, ETC. | |
| Summary, etc. | The market-leading Leadership: Theory and Practice presents an academically robust account of the major theories and models of leadership with a focus on how theory can inform practice. Author Peter G. Northouse uses a consistent structure for each chapter that allows readers to easily compare and contrast different theories. Case studies and questionnaires provide students with practical examples and opportunities to deepen their understanding of their own leadership style. The fully updated Ninth Edition features a new chapter on inclusive leadership, 17 new real-world cases that profile leaders from across the globe, a new discussion on leadership and morality, and examples of timely issues such as leadership during the COVID-19 pandemic. |
| 650 ## - SUBJECT ADDED ENTRY--TOPICAL TERM | |
| Topical term or geographic name entry element | Transformational Leadership |
| 9 (RLIN) | 258127 |
| 650 ## - SUBJECT ADDED ENTRY--TOPICAL TERM | |
| Topical term or geographic name entry element | Leadership Ethics |
| 9 (RLIN) | 258128 |
| 650 ## - SUBJECT ADDED ENTRY--TOPICAL TERM | |
| Topical term or geographic name entry element | Team Leadership |
| 9 (RLIN) | 258129 |
| 650 ## - SUBJECT ADDED ENTRY--TOPICAL TERM | |
| Topical term or geographic name entry element | Authentic Leadership |
| 9 (RLIN) | 258130 |
| 942 ## - ADDED ENTRY ELEMENTS (KOHA) | |
| Source of classification or shelving scheme | Dewey Decimal Classification |
| Koha item type | Book |
| Withdrawn status | Lost status | Source of classification or shelving scheme | Damaged status | Not for loan | Collection code | Home library | Current library | Date acquired | Source of acquisition | Cost, normal purchase price | Total Checkouts | Full call number | Barcode | Date last seen | Cost, replacement price | Price effective from | Koha item type |
|---|---|---|---|---|---|---|---|---|---|---|---|---|---|---|---|---|---|
| Dewey Decimal Classification | General | St Aloysius Engineering Library | St Aloysius Engineering Library | 02/19/2026 | Academic Book Distributors, Bengaluru-562159 | 10687.95 | 303.6 NORL | SE000262 | 03/07/2026 | 14250.60 | 02/19/2026 | Book | |||||
| Dewey Decimal Classification | General | St Aloysius Engineering Library | St Aloysius Engineering Library | 02/19/2026 | Academic Book Distributors, Bengaluru-562159 | 10687.95 | 303.6 NORL | SE000263 | 03/07/2026 | 14250.60 | 02/19/2026 | Book |